000
00282nam a22001217a 4500
008
170627b xxu||||| |||| 00| 0 eng d
041
_a
eng
080
_a
32
100
_a
21
101
_a
SHP
245
_a
THE POLITICALLY INCORRECT GUIDE SCIENCE
_c
BETHELL.T
942
_2
udc
_c
BK
999
_c
19125
_d
19125